La llamada universal a la contemplación en Alvarez de Paz / (Record no. 135631)

MARC details
000 -LEADER
campo de control de longitud fija 00602nam a2200181 i 4500
001 - NÚMERO DE CONTROL
campo de control 135631
003 - IDENTIFICADOR DE NÚMERO DE CONTROL
campo de control ES-MaACL
005 - FECHA Y HORA DE LA ÚLTIMA TRANSACCIÓN
campo de control 20230906194924.0
007 - CAMPO FIJO DE DESCRIPCIÓN FÍSICA--INFORMACIÓN GENERAL
campo de control de longitud fija t|
008 - DATOS DE LONGITUD FIJA--INFORMACIÓN GENERAL
campo de control de longitud fija 070720s1959 sp ||||1| spa d
100 1# - ENTRADA PRINCIPAL--NOMBRE DE PERSONA
Nombre de persona Torre Monje, Isaac de la.
9 (RLIN) 110778
245 13 - MENCIÓN DEL TÍTULO
Título La llamada universal a la contemplación en Alvarez de Paz /
Mención de responsabilidad, etc. Isaac de la Torre Monje.
260 ## - PUBLICACIÓN, DISTRIBUCIÓN, ETC.
Lugar de publicación, distribución, etc. [Santander :
Nombre del editor, distribuidor, etc. Artes Gráfs. Resona,
Fecha de publicación, distribución, etc. 1959]
300 ## - DESCRIPCIÓN FÍSICA
Extensión 60 p. ;
Dimensiones 24 cm.
500 ## - NOTA GENERAL
Nota general Precede al tít.: Pontificio Ateneo Angelicum.
710 2# - ENTRADA AGREGADA--NOMBRE DE ENTIDAD CORPORATIVA
Nombre de entidad corporativa o nombre de jurisdicción como elemento de entrada Pontificio Ateneo Angelicum.
9 (RLIN) 6238
852 ## - LOCALIZACIÓN
Ubicación ES-MaACL
Número de control de estantería 2012-F-21
Sublocalización o colección R.44251
Holdings
Estatus retirado Estado de pérdida Estado de daño No para préstamo Colección Biblioteca de origen Biblioteca actual Ubicación en estantería Fecha de adquisición Fuente de adquisición Total de préstamos Signatura topográfica completa Código de barras Visto por última vez Precio de reemplazo Tipo de ítem Koha
        Colección de folletos Biblioteca del Ateneo de Madrid Biblioteca del Ateneo de Madrid Depósito folletos 17/01/2008     2012-F-21 1141160 23/02/2023 23/02/2023 Folleto